Podnikatel a rekvalifikace. Má podnikatel nárok na podporu v nezaměstnanosti?
Riešenie otázky rekvalifikácie občanov, ktorí sú evidovaní na úrade práce ako nezamestnaní. Vysvetlenie pojmu rekvalifikácie. Povinnosti organizácií a inštitúcií, ktoré môžu uskutočňovať rekvalifikáciu. Úpravy v ČR, týkajúce sa podpory v nezamestnanosti pre absolventov škôl a súkromných podnikateľov...
Uložené v:
| Hlavný autor: | |
|---|---|
| Médium: | Kapitola |
| Jazyk: | Czech |
| Predmet: | |
| Tagy: |
Žiadne tagy, Buďte prvý, kto otaguje tento záznam!
|
MARC
| LEADER | 00000naa a2200000 4500 | ||
|---|---|---|---|
| 001 | r012970 | ||
| 005 | 20221213081658.6 | ||
| 041 | 0 | |a cze | |
| 044 | |a CZ | ||
| 245 | 1 | 0 | |a Podnikatel a rekvalifikace. Má podnikatel nárok na podporu v nezaměstnanosti? |c L. Jouza |
| 520 | |a Riešenie otázky rekvalifikácie občanov, ktorí sú evidovaní na úrade práce ako nezamestnaní. Vysvetlenie pojmu rekvalifikácie. Povinnosti organizácií a inštitúcií, ktoré môžu uskutočňovať rekvalifikáciu. Úpravy v ČR, týkajúce sa podpory v nezamestnanosti pre absolventov škôl a súkromných podnikateľov, ktorí zanechali podnikateľskú činnosť. | ||
| 610 | 2 | 0 | |a rekvalifikácia |
| 610 | 2 | 0 | |a nezamestnanosť |
| 610 | 2 | 0 | |a úrady práce |
| 610 | 2 | 0 | |a Čechy |
| 610 | 2 | 0 | |a podpory v nezamestnanosti |
| 610 | 2 | 0 | |a podnikatelia |
| 100 | 1 | |a Jouza, L. | |